01556nac a22003731i 4500003000900000005001700009008004100026020001800067020001500085040004300100082002400143100004400167245010800211250002000319264003400339264001000373300006700383336002600450336002800476337002800504337002300532338002700555338003400582500003700616504005100653650003400704655001700738856009800755856009000853856007800943942001201021999001501033952013401048EG-ScBUE20241127093938.0241127t2004 njua f b 001 0 eng d a9780471466079 a0471466077 aEG-ScBUEbengerdacEG-ScBUEdEG-ScBUE04a519.502465bBLA2221 aBlack, Ken, eauthor.10aBusiness statistics :bfor contemporary decision making /cKen Black, University of Houston-Clear Lake. aFourth edition. 1aHoboken, NJ :bWiley,c[2004] 4cc2004 axxix, 827 pages :billustrations (some color) ;c29 cm +e1 CD 2rdacontentatextbtxt 2rdacontentasoundsbsnd aunmediated2rdamediabn aaudio2rdamediabs avolumebnc2rdacarrier acomputer discbcd2rdacarrier aSolution Manuel and Study Guide. aIncludes bibliographical references and index. 7aCommercial statistics.2BUEsh vReading book423Contributor biographical informationuhttp://www.loc.gov/catdir/bios/wiley046/2003265512.html423Publisher descriptionuhttp://www.loc.gov/catdir/description/wiley039/2003265512.html423Table of contentsuhttp://www.loc.gov/catdir/toc/wiley032/2003265512.html cBB2ddc c4698d4698 00102ddc40708BaccahaMAINbMAINc1STd2016-09-07ePurchasel0o519.502465 BLAp000005817r2025-07-15 00:00:00w2007-09-16yBB